Warrior cats: Non cat - Statistics

General Stats
  • This quiz has been taken 27 times
  • The average score is 3 of 16
Answer Stats
% Correct
Midnight
100%
Sharptooth
50%
Pip
25%
Ken
13%
Spike
13%
Bunny
6%
Darrel
6%
Fury
6%
Jean
6%
Mouthclaw
6%
Pack leader
6%
Rage
6%
Rat leader
6%
Samwise
6%
Shannon
6%
The captain
6%
No matching quizzes found
Score Distribution
Percent of People with Each Score
Percentile by Number Answered
Your Score History
You have not taken this quiz